000
00263nam a22001097a 4500
005
20251009113235.0
008
251009b |||||||| |||| 00| 0 eng d
040
_c
PK-LaNCA
082
_a
712
_b
LAN
245
_a
Landscaping: principles and practices
942
_c
BK
999
_c
66939
_d
66939